[Event "London Classic op U1750 11th"]
[Site "London"]
[Date "2019.12.05"]
[Round "4"]
[White "Patel, Krrish"]
[Black "Yapp, Christopher"]
[Result "0-1"]
[WhiteElo "1195"]
[BlackElo "1490"]
[PlyCount "94"]
[EventDate "2019.12.02"]
[EventType "swiss"]
[EventRounds "5"]
[EventCountry "ENG"]
[SourceTitle "CBM 195 Extra"]
[Source "ChessBase"]
[SourceDate "2020.05.31"]
[SourceVersion "1"]
[SourceVersionDate "2020.05.31"]
[SourceQuality "1"]

1. d4 e6 2. Bf4 f5 3. Nf3 Nf6 4. e3 Be7 5. c3 0-0 6. Nbd2 b6 7. Bd3 Bb7 8. Qb3 Ne4 9. Qc2 d5 10. Ne5 Nd7 11. Ndf3 Nxe5 12. Nxe5 Rc8 13. Qa4 a5 14. Qd7 Qxd7 15. Nxd7 Rfd8 16. Ne5 c5 17. Nf3 c4 18. Bc2 h6 19. h3 g5 20. Bh2 b5 21. Bxe4 fxe4 22. Nd2 b4 23. 0-0 Bc6 24. Rfc1 Be8 25. Be5 Bh5 26. g4 Bg6 27. a4 b3 28. Nf1 Rf8 29. Ng3 Rf3 30. Rf1 Ra8 31. Kg2 Ra7 32. Nh1 Bd8 33. Bg3 Rh7 34. Be5 h5 35. Ng3 hxg4 36. hxg4 Rff7 37. Rh1 Rxh1 38. Rxh1 Rh7 39. Ra1 Rh4 40. f3 exf3+ 41. Kxf3 Rh2 42. Rh1 Rxh1 43. Nxh1 Be4+ 44. Kg3 Bxh1 45. Bd6 Be4 46. Ba3 Bc7+ 47. Kf2 Bg6 0-1

[Event "London Chess Classic op 10th"]
[Site "London"]
[Date "2018.12.13"]
[Round "5"]
[White "Yapp, Christopher"]
[Black "Beltran Vidal, Daniel"]
[Result "1/2-1/2"]
[WhiteElo "1494"]
[BlackElo "1676"]
[PlyCount "41"]
[EventDate "2018.12.09"]
[EventType "swiss"]
[EventRounds "5"]
[EventCountry "ENG"]
[SourceTitle "EXT 2021"]
[Source "ChessBase"]
[SourceDate "2020.10.23"]
[SourceVersion "1"]
[SourceVersionDate "2020.10.23"]
[SourceQuality "1"]

1. f4 d6 2. e3 e5 3. fxe5 dxe5 4. g3 Nf6 5. Bg2 c6 6. Nc3 Be6 7. Nge2 Qc7 8. 0-0 Nbd7 9. b3 Bd6 10. Ne4 Nxe4 11. Bxe4 0-0 12. Bf5 Bxf5 13. Rxf5 Nf6 14. Bb2 Rae8 15. Nc3 Qe7 16. Qf3 Ba3 17. Rxe5 Qxe5 18. Bxa3 c5 19. Qxb7 Re7 20. Qb5 Ne4 21. Qd3 1/2-1/2